| 000 | 01565cam a2200349 a 4500 | ||
|---|---|---|---|
| 999 |
_c531719 _d531719 |
||
| 001 | 15821600 | ||
| 003 | NUST | ||
| 005 | 20191024111604.0 | ||
| 008 | 090717s2010 fluab b 001 0 eng | ||
| 010 | _a 2009026759 | ||
| 015 |
_aGBA976519 _2bnb |
||
| 016 | 7 |
_a015341466 _2Uk |
|
| 020 | _a9780415549745 (hc : alk. paper) | ||
| 020 | _a0415549744 | ||
| 035 | _a(OCoLC)ocn427438296 | ||
| 038 | _aMSOHAIL | ||
| 040 |
_aDLC _cDLC _dBWKUK _dUKM _dUWW _dDLC |
||
| 042 | _apcc | ||
| 050 | 0 | 0 |
_aTC175 _b.P73 2010 |
| 082 | 0 | 0 |
_a627.042 _222 |
| 245 | 0 | 0 |
_aPractical channel hydraulics : _broughness, conveyance and afflux / _cDonald W. Knight ... [et al.]. |
| 260 |
_aBoca Raton [Fla.] ; _aLondon : _bCRC Press, _cc2010. |
||
| 300 |
_axxvi, 354 p. : _bcol. ill., maps ; _c25 cm. |
||
| 500 | _a"A Balkema book." | ||
| 504 | _aIncludes bibliographical references and indexes. | ||
| 505 | 0 | _a1. Introduction -- 2. Practical and theoretical issues in channel hydraulics -- 3. Understanding roughness, conveyance and afflux -- 4. Practical issues - roughness, conveyance and afflux -- 5. Further issues on flows in rivers -- 6. Concluding remarks -- App. 1. finite element approximations for the CES equations -- App. 2. Summary of hydraulic equations used in the AES -- App. 3. Cross-section survey data. | |
| 650 | 0 |
_aChannels (Hydraulic engineering) _9561 |
|
| 700 | 1 |
_aKnight, Donald W. _924687 |
|
| 906 |
_a7 _bcbc _corignew _d1 _eecip _f20 _gy-gencatlg |
||
| 942 |
_2ddc _cBK |
||